书目信息 |
| 题名: |
海盗
|
|
| 作者: | 陶红亮 主编 | |
| 分册: | ||
| 出版信息: | 北京 海洋出版社 2017 |
|
| 页数: | 170页 | |
| 开本: | 24cm | |
| 丛书名: | 海洋传奇 | |
| 单 册: | ||
| 中图分类: | D59 | |
| 科图分类: | ||
| 主题词: | 海盗--hai dao--历史--世界--通俗读物 | |
| 电子资源: | ||
| ISBN: | 978-7-5027-9627-3 | |
| 000 | 00942nam 2200277 450 | |
| 001 | CAL 012017030049 | |
| 005 | 20170619081406.12 | |
| 010 | @a978-7-5027-9627-3@b@dCNY39.00 | |
| 099 | @aCAL 012017030049 | |
| 100 | @a20170122d2017 em y0chiy50 ea | |
| 101 | 0 | @achi |
| 102 | @aCN@b110000 | |
| 105 | @aa z 000yy | |
| 106 | @ar | |
| 200 | 1 | @a海盗@Ahai dao@f陶红亮主编@Ftao hong liang zhu bian@g |
| 210 | @a北京@c海洋出版社@d2017 | |
| 215 | @a170页@c彩图@d24cm | |
| 225 | 2 | @a海洋传奇@Ahai yang chuan qi |
| 330 | @a本书共分为八个部分, 主要内容包括到处横行的北欧海盗、勇猛的挪威海盗、纵横于阿拉伯的海盗、猖獗的西班牙海盗、占据印度洋的海盗、凶横的索马里海盗、西方国家的海盗、东方世界的海盗。 | |
| 410 | 0 | @12001 @a海洋传奇 |
| 606 | 0 | @a海盗@Ahai dao@x历史@y世界@j通俗读物 |
| 690 | @aD59@v5 | |
| 701 | 0 | @a陶红亮@Atao hong liang@4主编 |
| 801 | 0 | @aCN@bZHONGJIAO@c20170609@g |
| 905 | @aBZT@dD59@e3 | |
| 906 | @dCNY39.00@n3@r1 | |
| 海盗/陶红亮主编.-北京:海洋出版社,2017 |
| 170页:彩图;24cm.-(海洋传奇) |
| ISBN 978-7-5027-9627-3:CNY39.00 |
| 本书共分为八个部分, 主要内容包括到处横行的北欧海盗、勇猛的挪威海盗、纵横于阿拉伯的海盗、猖獗的西班牙海盗、占据印度洋的海盗、凶横的索马里海盗、西方国家的海盗、东方世界的海盗。 |
| ● |
| 相关链接 |
|
|
|
正题名:海盗
索取号:D59/3
 
预约/预借
| 序号 | 登录号 | 条形码 | 馆藏地/架位号 | 状态 | 备注 |
| 1 | 830976 | 2000830976 | 第二书库/ [索取号:D59/3] | 在馆 | |
| 2 | 830977 | 2000830977 | 第二书库/ [索取号:D59/3] | 在馆 | |
| 3 | 830978 | 2000830978 | 第二书库/ [索取号:D59/3] | 在馆 |